Asātīr min al-Sharq (Record no. 46497)
[ view plain ]
| 000 -LEADER | |
|---|---|
| fixed length control field | 00616cam a22002051 4500 |
| 001 - CONTROL NUMBER | |
| control field | ne 63002555 |
| 003 - CONTROL NUMBER IDENTIFIER | |
| control field | DLC |
| 005 - DATE AND TIME OF LATEST TRANSACTION | |
| control field | 20260227111753.0 |
| 008 - FIXED-LENGTH DATA ELEMENTS--GENERAL INFORMATION | |
| fixed length control field | 900921s1963 ua a 000 1 ararc |
| 010 ## - LIBRARY OF CONGRESS CONTROL NUMBER | |
| LC control number | ne 63002555 |
| 035 ## - SYSTEM CONTROL NUMBER | |
| System control number | (OCoLC)22418070 |
| 040 ## - CATALOGING SOURCE | |
| Original cataloging agency | Princeton Univ. Libr. |
| Transcribing agency | WaU |
| Modifying agency | DLC |
| 050 00 - LIBRARY OF CONGRESS CALL NUMBER | |
| Classification number | PZ90.A7 |
| Item number | M38 |
| 100 1# - MAIN ENTRY--PERSONAL NAME | |
| Personal name | Maẓhar, Sulaymān. |
| 245 10 - TITLE STATEMENT | |
| Title | Asātīr min al-Sharq |
| Statement of responsibility, etc. | [taʼlīf] Sulaymān Maẓhar. |
| 260 ## - PUBLICATION, DISTRIBUTION, ETC. | |
| Place of publication, distribution, etc. | [al-Qāhirah, |
| Name of publisher, distributor, etc. | al-Dār al-Qawmīyah lil-Tibāʻah wa-al-Nashr, |
| Date of publication, distribution, etc. | 1963?] |
| 300 ## - PHYSICAL DESCRIPTION | |
| Extent | 220 p. |
| Other physical details | illus. |
| Dimensions | 24 cm. |
| 490 0# - SERIES STATEMENT | |
| Series statement | Kitāb al-māsī, |
| Volume/sequential designation | 70 |
| 650 #0 - SUBJECT ADDED ENTRY--TOPICAL TERM | |
| Topical term or geographic name entry element | Tales |
| Geographic subdivision | Asia. |
No items available.